书目信息 |
| 题名: |
森林生态与生态系统经营
|
|
| 作者: | 徐化成 | |
| 分册: | ||
| 出版信息: | 北京 化学工业出版社 2004 |
|
| 页数: | 455 | |
| 开本: | 19cm | |
| 丛书名: | 环境科学与政策丛书 | |
| 单 册: | ||
| 中图分类: | S71 | |
| 科图分类: | ||
| 主题词: | 林业--基础科学 | |
| 电子资源: | ||
| ISBN: | 7-5025-6033-5 | |
| 000 | 00608nam0 2200205 450 | |
| 001 | 0736775523 | |
| 005 | 20070929101255.51 | |
| 010 | @a7-5025-6033-5@d¥48.00 | |
| 100 | @a20070929d km y0chiy0120 ea | |
| 101 | 0 | @achi |
| 200 | 1 | @a森林生态与生态系统经营@Asen lin sheng tai yu sheng tai xi tong jing ying@f徐化成@Fxu hua cheng |
| 210 | @a北京@c化学工业出版社@d2004 | |
| 215 | @a455@d19cm | |
| 225 | 2 | @a环境科学与政策丛书 |
| 410 | 0 | @12001 @a环境科学与政策丛书 |
| 606 | 0 | @a林业@x基础科学 |
| 690 | @aS71@v3 | |
| 701 | 0 | @a徐化成@Axu hua cheng |
| 801 | 0 | @aCN@bPFT@c20070929 |
| 905 | @a213230@dS71@en1@f1 | |
| 森林生态与生态系统经营/徐化成.-北京:化学工业出版社,2004 |
| 455;19cm.-(环境科学与政策丛书) |
| ISBN 7-5025-6033-5:¥48.00 |
| ● |
| 相关链接 |
|
|
|
|
正题名:森林生态与生态系统经营
索取号:S71/n1
 
预约/预借
| 序号 | 登录号 | 条形码 | 馆藏地/架位号 | 状态 | 备注 |
| 1 | 6602350 | 266023518 | 密集书库-生命科学系/ [索取号:S71/n1] | 在馆 |